CCNA Acronyms 1 - Statistics

General Stats
  • This quiz has been taken 40 times
  • The average score is 6 of 30
Answer Stats
Hint Answer % Correct
AP Access point
74%
ARP Address Resolution Protocol
70%
ACL Access Control List
65%
AAA Authentication, authorization, and accounting
48%
3G Third-generation
39%
AD Administrative distance
35%
AC Alternating current
35%
API Application programming interface
35%
AS Autonomous system
35%
1RU One rack unit
26%
mu-sec Microsecond
22%
AES Advanced Encryption Standard
17%
ABR Area border router
17%
ADSL Asymmetric DSL
13%
3DES Triple Data Encryption Standard
13%
ANSI American National Standards Institute
9%
6-to-4 IPv6 to IPv4 tunnel
9%
ACS Access Control Server
0%
ADPCM Adaptive Differential Pulse Code Modulation
0%
AMR-NB Adaptive Multi-Rate Narrow Band
0%
AIM Advanced integration module
0%
ACELP Algebraic code-excited linear prediction
0%
ACNS Application and Content Networking System
0%
ALG Application level gateway
0%
ANS Application Networking Services
0%
AON Application-Oriented Networking
0%
ARCnet Attached Resource Computer Network
0%
ACD Automatic call distribution
0%
APS Automatic protection switching
0%
6PE IPv6 on the MPLS PE routers
0%
No matching quizzes found
Score Distribution
Percent of People with Each Score
Percentile by Number Answered
Your Score History
You have not taken this quiz